000 03206nab a2200349 i 4500
003 BR-BrBNA
005 20240627142637.0
008 240627b2023 bl.ar|pooa||| 00| 0 eng |
040 _aBR-BrBNA
_beng
072 _aH50
_b2290
072 _aF60
100 _aBatista, Rita de Cássia Monteiro
100 _aCarvalho, Josabete Salgueiro Bezerra de
100 _aCoqueiro, Danilo Rosendo
100 _aAquino, Pedro Gregório Vieira
100 _aAlves, Leonardo Zacarias
245 _aGrowth, gas exchange and essential oil production of Mentha spicata L. under water deficiency
500 _a Publicação online; 30 ref.; 7 illus.; Summaries (En, Pt)
520 _a ABSTRACT - Drought stress is a critical factor affecting plant growth and development. Understanding the effects of drought on the physiology of medicinal plants can contribute to the implementation of better water management techniques and promote a sustainable production. This study aimed to evaluate the influence of water stress on the growth and development of Mentha spicata L. plants. A completely randomized design was used, with two water conditions: irrigated and non-irrigated. The water deficit negatively affected the dry weight of roots and shoots, with a decrease in the transpiration rate and chlorophyll content, potentially impairing the photosynthetic activity. However, the essential oil production was not affected in plants subjected to water deficiency, indicating that the essential oil production may be more resilient to drought stress in this species. KEYWORDS: Spearmint, medicinal plant, photosynthesis.
520 _a RESUMO - O estresse hídrico é um fator crítico que afeta o crescimento e desenvolvimento das plantas. Compreender os efeitos da seca na fisiologia de plantas medicinais pode contribuir para a implementação de melhores técnicas de manejo da água e promover uma produção sustentável. Objetivou-se avaliar a influência do estresse hídrico no crescimento e desenvolvimento de plantas de Mentha spicata L. Foi utilizado delineamento inteiramente casualizado, com dois sistemas: irrigado e não irrigado. O déficit hídrico afetou negativamente o peso seco das raízes e caules, com diminuição na taxa de transpiração e no teor de clorofila, prejudicando potencialmente a atividade fotossintética. No entanto, a produção de óleo essencial não foi afetada em plantas submetidas à deficiência hídrica, indicando que a produção de óleo essencial pode ser mais resiliente ao estresse de seca nessa espécie. PALAVRAS-CHAVE: Hortelã, planta medicinal, fotossíntese.
650 _aMENTA
650 _aSTRESS
650 _aDEFICIÊNCIA HÍDRICA
650 _aFOTOSSÍNTESE
650 _aTROCA GASOSA
650 _aÓLEO ESSSENCIAL
650 _aFISIOLOGIA VEGETAL
773 0 _03248
_9315782
_dGoiânia-GO UFG. Escola de Agronomia 1999
_o2024-2144
_tPesquisa Agropecuária Tropical (Brazil)
_x1517-6398
_gv. 53 p. 1-8; (2023)
_wBR2024001615
856 _uhttps://www.scielo.br/j/pat/a/VchGsKG6Krb3hfwkRzMfXSJ/?format=pdf&lang=en
942 _cAnalítica
999 _c300273
_d300273